000
00217nam a22000857a 4500
008
170605b xxu||||| |||| 00| 0 eng d
100
_9
3274
_a
Kumar. A
245
_a
Wilty Tenalirama
260
_a
Delhi
_b
Manoj Publication
_c
2005
999
_c
6589
_d
6589